Online Catalogue and eLibrary

Struggling to be myself (Record no. 2921)

MARC details
000 -LEADER
fixed length control field 00604nam a2200145Ia 4500
005 - DATE AND TIME OF LATEST TRANSACTION
control field 20240606012649.0
008 - FIXED-LENGTH DATA ELEMENTS--GENERAL INFORMATION
fixed length control field 240331s9999 xx 000 0 und d
082 ## - DDC Classification
Item Number - Author Mark GOT
Class No. 362
100 ## - MAIN ENTRY--PERSONAL NAME
Personal name Gothoskar, S
245 #0 - TITLE STATEMENT
Title Struggling to be myself
260 ## - PUBLICATION, DISTRIBUTION, ETC.
Place of publication, distribution, etc. Maharashtra
Name of publisher, distributor, etc. Streevani, Women's Research Project
300 ## - PHYSICAL DESCRIPTION
Extent (e.g. Volumes, Pages etc.) v,192 p.,
500 ## - GENERAL NOTE
General note This volume contains oral histories of four educated, middle class women who candidly share the traumatic moments of their shattered existences, and their struggles to retrieve their lost human dignity in the face of violence, shame and humiliation.
942 ## - Koha item type (Biblio)
Koha item type Books in Stacks (Lending)
Holdings
Lost status Damaged status Collection code Home library Current library Shelving location Date acquired Full call number Accession Number Item type
    Lending WERC Library WERC Library Social Science Cupboard 03/31/2024 362.8 GOT 3546 Books in Stacks (Lending)

© WERC Library